Quizzes
Events
Quiz Creation
Community
Videos
Private Events
Remove Ads
Sign In
Join for FREE
Feedback
Dark Mode
Quiz Categories
Sports
Geography
Music
Movies
Television
Just For Fun
Miscellaneous
History
Literature
Language
Science
Gaming
Entertainment
Religion
Holiday
For Kids
Quiz Lab
Recent
Popular Today
Quiz Kudos Today
Editor Picks
Curator Picks
Quizzes by...
Day
Popularity
Type
Ratings
Length
Year
Community
Subscriptions
Recent Discussions
Orange Saloon
Badges
Playlists
Quests
Create
Leaderboards
Showdown
Live 5
Trivia Bingo
Activity
Puzzle Library
Sporcle Events
Private Events
Virtual Trivia
Globe League
Become a Host
Pub Owners
SporcleCon
Opinionation
Our Games
Videos
Blog
Mobile Apps
Partnerships
Remove Ads and Go Orange
Feedback
Just For Fun
Clickable
Get the Picture
Humor
Quick Pick
Word Ladder
Missing Word
Mixed Word
Blitz
Minefield
This or That
Alphabet
Color
Typing
Sporcle
Puzzle
Word Play
Follow That Line
Logic
Just For Fun
Clickable
Get the Picture
Humor
Quick Pick
Word Ladder
Missing Word
Mixed Word
Blitz
Minefield
This or That
Alphabet
Color
Typing
Sporcle
Puzzle
Word Play
Follow That Line
Logic
Random Quiz
Search Sporcle
×
Quiz Lab
Quiz Lab
Just For Fun
Numbers
Type in answers that appear in a list
Type in answers that appear in a list
Classic
Best Score? Go Orange.
Numbers 1-200 in 5 minutes Stats
Can you name the Numbers 1-200 in 5 minutes?
By
Haza10000
5m
200 Questions
333 Plays
333 Plays
333 Plays
Comments
Comments
Give Quiz Kudos
Give Quiz Kudos
-
- Ratings
hide this ad
Replay
Link that replays current quiz
Next Quiz
Link to next quiz in quiz playlist
You Got
0%
They Got
Avg Score
88%
Avg Friend Score
Upgrade to see
Score Distribution
Jump to the score distribution portion of the page
Score
0/200
Timer
05:00
0
Plays Today
1-200
% Correct
1
100%
2
98.8%
3
98.5%
4
97.6%
7
97.6%
5
97.6%
6
97.6%
9
97.3%
8
97%
11
97%
10
96.7%
12
96.4%
14
95.5%
20
95.5%
13
95.2%
15
95.2%
21
95.2%
16
94.8%
17
94.8%
18
94.8%
19
94.5%
22
93.9%
23
93.9%
25
93.9%
34
93.6%
27
93.3%
32
93.3%
24
93%
26
93%
29
93%
30
93%
33
93%
28
92.7%
31
92.7%
35
92.7%
37
92.1%
36
92.1%
40
92.1%
45
92.1%
39
91.8%
54
91.8%
56
91.8%
38
91.5%
43
91.5%
44
91.5%
46
91.5%
50
91.5%
41
91.2%
42
91.2%
51
91.2%
71
91.2%
98
91.2%
47
90.9%
53
90.9%
55
90.9%
61
90.9%
65
90.9%
48
90.6%
49
90.6%
52
90.6%
57
90.6%
58
90.3%
60
90.3%
64
90.3%
67
90.3%
70
90.3%
78
90.3%
1-200
% Correct
81
90.3%
99
90.3%
100
90.3%
59
90%
88
90%
90
90%
92
90%
91
90%
101
90%
102
90%
66
89.7%
68
89.7%
69
89.7%
75
89.7%
76
89.7%
77
89.7%
84
89.7%
85
89.7%
87
89.7%
89
89.7%
93
89.7%
95
89.7%
103
89.7%
104
89.7%
105
89.7%
110
89.7%
62
89.4%
63
89.4%
72
89.4%
74
89.4%
79
89.4%
80
89.4%
82
89.4%
97
89.4%
106
89.4%
108
89.4%
120
89.4%
121
89.4%
73
89.1%
83
89.1%
86
89.1%
94
89.1%
96
89.1%
107
89.1%
109
89.1%
112
89.1%
113
89.1%
114
89.1%
123
89.1%
115
88.8%
117
88.8%
111
88.5%
116
88.5%
119
88.5%
118
88.2%
122
87.9%
125
87.9%
124
87.6%
126
87.6%
127
87.3%
128
87.3%
129
87.3%
130
87%
135
87%
131
86.7%
132
86.7%
134
86.7%
1-200
% Correct
144
86.7%
136
86.4%
140
86.4%
141
86.4%
145
86.4%
151
86.4%
142
86.1%
143
86.1%
146
86.1%
150
86.1%
133
85.8%
137
85.8%
139
85.8%
147
85.8%
148
85.8%
149
85.8%
155
85.8%
138
85.5%
152
85.5%
153
85.2%
156
84.8%
157
84.8%
154
84.5%
160
84.5%
158
83.9%
159
83.9%
161
83.6%
162
83.6%
166
83.6%
177
83%
163
82.7%
165
82.7%
164
82.4%
180
82.4%
188
82.4%
199
82.4%
200
82.4%
167
82.1%
171
82.1%
181
82.1%
187
82.1%
168
81.8%
170
81.8%
169
81.5%
178
81.5%
179
81.5%
185
81.5%
186
81.5%
172
81.2%
175
81.2%
176
81.2%
182
81.2%
191
81.2%
173
80.9%
174
80.9%
183
80.9%
184
80.9%
189
80.9%
190
80.6%
192
80.3%
195
80.3%
198
80.3%
193
80%
196
80%
197
80%
194
79.7%
Quiz Playlist
Details
Report
Send in Message
Add To Playlist
Classic:
Type in answers that appear in a list
Last Updated: Feb 16, 2017
Quiz Scoreboard
CHALLENGE
Sign Up to Join the Scoreboard
Show All
Scores
Hide
Comments
May contain spoilers
Recently Published
Popular People in 1961
by mucciniale
History
6m
1-10 Letter E Words III
by El_Dandy
Language
2m
One Thing in Common: World Cities II
by knightlancer
Geography
7m
More to Explore
Quiz From the Vault
Featured Blog Post
Where Did the Easter Bunny Come From?
hide this ad
You Might Also Like...
Tags
Numbers Quiz
1-200
minute
Today's Top Quizzes in Just For Fun
Browse Just For Fun
hide this ad
Today's Top Quizzes in Numbers
Browse Numbers
Top Contributed Quizzes in Just For Fun
1
Harry Potter Logic - 'In Chains' II
2
Crossword Whiteout! 49
3
Survivor Winners Logic Puzzle
4
one piece logic puzzle
5
Letter's Position in the Alphabet Blitz
6
Thermometer Puzzle 25
7
Aquarium Logic Puzzle 17
8
Big Thermometer Puzzle 21
9
Edinburgh Fringe jokes 2015
10
Word Ladder: Ahoy Matey
Explore More
Trending Topics
Marvel
NBA
Anime
Kpop
Crossword
Disney
Harry Potter
NFL
Song
The Office
WWE
Pokémon
Puzzle
Country
Soccer
hide this ad
More By:
Haza10000
Quiz
Plays
Rating
Category
Featured
Created
Numbers 1-200 in 5 minutes
333
1.33
Just For Fun
Feb 16, 2010
Go to Creator's Profile
Score Distribution
Quiz Creator Spotlight
Haza10000
Follow
Send a Message
Quizzes Created
-
Created Quiz Play Count
-
More By This Creator
Popular Quizzes Today
1
Find the US States - No Outlines Minefield
2
Find the Countries of Europe - No Outlines Minefield
3
The Countries of the World
4
Popular People in 1961
5
1-10 Letter E Words III
6
Find the US States
7
US States
8
One Thing in Common: World Cities II
More Just For Fun Quizzes
Missing Word: Amazing Amandas
Published
Trending Quizzes
Risky Map Clicking: Least Populous States A-Z
1-10 Letter F Words
1-10 Letter G Words
One Thing in Common: United Kingdom
Risky Map Clicking: Next State Alphabetically
Recently Updated
Leaping Animals
pecheneg
Reality TV Shows (A-Z)
bhenderson79
Rickey Henderson's Hall of Fame Teammates
pecheneg
Champions League XIs: Arsenal
pecheneg
Quick Pick: Celebrities in WWE's Hall of Fame
aduchscher
A-Z Keypad Blitz II
pecheneg
Multiple Oscar Actors
pecheneg
Mystery Phrase Blitz: Oscar 'Best Actors'
pecheneg
F. Scott Fitzgerald Novels
LTH
Pick 3 Villains
ddd62291
Trending Topics
Marvel
Crossword
Disney
Kpop
Anime
NBA
Harry Potter
Country
Song
Soccer
The Office
Puzzle
Pokémon
WWE
NFL
Your Account Isn't Verified!
In order to create a playlist on Sporcle, you need to verify the email address you used during registration. Go to your
Sporcle Settings
to finish the process.
Report this User
Report this user for behavior that violates our
Community Guidelines
.
Details:
Send Report
Go to the Sporcle.com Mobile Site →
Comments